000 00596nam a2200229Ia 4500
003 OSt
005 20220928110108.0
006 a|||||r|||| 00| 0
007 ta
008 220927b |||||||| |||| 00| 0 eng d
024 _a130796
037 _cTextual
040 _aSDCL
_cSDCL
_beng
041 _2eng
_aeng
082 _aO15,1M69w, 152J0.1
100 _aMaharaj
_9418114
245 0 _aBharatpaarijatam.
260 _aMombasa
_bRaojibhai Meghjibhai
_c1950
300 _a431p
_ccm.
942 _hO15,1M69w, 152J0.1
_cTEXL
_2CC
999 _c734119
_d734119